| 000 | 00643nam a2200217 i 4500 | ||
|---|---|---|---|
| 001 | 175565 | ||
| 003 | ES-MaACL | ||
| 005 | 20240222063055.0 | ||
| 008 | 101108s1995 sp |||| | spa d | ||
| 020 | _a84-08-01224-X | ||
| 080 | _a821.134.2-31"19" | ||
| 100 | 1 |
_aUmbral, Francisco, _d1932-2007 _9111971 |
|
| 245 | 1 | 0 |
_aMadrid 650 / _cFrancisco Umbral. |
| 250 | _a1ª ed. | ||
| 260 |
_aBarcelona : _bPlaneta, _c1995. |
||
| 300 |
_a253 p. ; _c21 cm. |
||
| 490 | 1 | _aAutores españoles e hispanoamericanos | |
| 830 | 0 |
_aAutores españoles e hispanoamericanos _9177795 |
|
| 852 |
_aES-MaACL _jE-13454 |
||
| 999 |
_c175565 _d175565 |
||